Emma Stone Films - Statistics

General Stats
  • This quiz has been taken 914 times
  • The average score is 5 of 12
Answer Stats
Hint Answer % Correct
2010 Easy A
87%
2012 The Amazing Spider-Man
60%
2011 Crazy, Stupid, Love
58%
2007 Superbad
54%
2011 The Help
47%
2009 Zombieland
43%
2008 The House Bunny
30%
2011 Friends with Benefits
21%
2008 The Rocker
14%
2009 Ghosts of Girlfriends Past
13%
2010 Marmaduke
13%
2009 Paper Man
12%
No matching quizzes found
Score Distribution
Percent of People with Each Score
Percentile by Number Answered
Your Score History
You have not taken this quiz